000
00197 a2200097 4500
020
_a
9780439841207
041
_a
eng
100
_a
Stilton,Geronimo
245
_a
Down and out down under
942
_c
BK
999
_c
31898
_d
31896